Регионална библиотека "Любен Каравелов" - Русе

Историята на Дарън Шан (Запис номер 88107)

MARC детайли
000 -Лидер
Контролно поле с фиксирана дължина 01734nam a2200385 c 4500
003 - Код на организацията, давaща контролен номер
Контролно поле BLK
005 - Дата и час на последна редакция
Контролно поле 20240821103549.0
008 - Елементи от данни с фиксирана дължина
fixed length control field 180408b bul|||||r ||||||| ||bul||
010 ## - Наследен системен номер
LC control number KNG00092763000
020 ## - Международен стандартен номер на книга ISBN
Международен стандартен номер на книга ISBN 978-954-27-0386-0
040 ## - Източник на каталожния запис
Идентификатор на билиотеката - собственик на записа BLK
041 ## - Код за език
Код за езика на текст/звукозапис или на отделно заглавие Български
Код за езика КДБФ Български
080 ## - УДК
Текстов определител УДК Ирландска литература (на Ейре) на английски език (вж и 821.152.1)
УДК код - определител по УДК 821.111(417)
УДК определител -93-31
УДК - код + определител 821.111(417)-93-31
100 1# - Редна дума - Автор
Автор Шан, Дарън
Авторска отговорност първи автор
Автор - информация (биография) О'Шонеси, Дарън (O'Shaughnessy, Darren)
R(LIN) 303015
139 ## - Редно поле
Редна дума Шан, Дарън
Авторски знак Шан - Ш 22
245 10 - Сведения за заглавието
Заглавие Историята на Дарън Шан
Подзаглавни данни Кн. 1 -
Редно поле (дума) Дарън Шан; прев. Владимир Георгиев Молев.
Том Кн. 2
Заглавие на том Чиракът на вампира
257 ## - Страна на издаване
Страна на създаване/издаване Великобритания
260 ## - Област на издателските данни
Година на издаване 2009 -
Печатница Добрич : Фолиарт
300 ## - Физическа характеристика
Размери/Мащаб 20 см
380 ## - Жанр
Жанр Детска худож. лит.
500 ## - Общи забележки
Забележка Ориг. загл. The Saga of Darren Shan / Darren Shan. - Дарън Шан е псевд. на Дарън О'Шонеси (Darren O'Shaughnessy).
653 ## - Ключова дума – ненормативна
Ключова дума вампири
653 ## - Ключова дума – ненормативна
Ключова дума хорър
653 ## - Ключова дума – ненормативна
Ключова дума литература за деца
653 ## - Ключова дума – ненормативна
Ключова дума детска литература
700 1# - Други автори (авторска отговорност)
Лично име Молев, Владимир Георгиев
Автороска отговорност (Описва отношението между автора и произведението) прев.
9 (RLIN) 98667
760 1# - Описание на основната серия
Редна дума на основното описание Шан, Дарън
Място на издаване, издател и година Егмонт България, 2009
Страници - том 160 с.
Забележка - том Ориг. загл. The Vampire's Assistant.
Заглавие Кн. 2 Чиракът на вампира
852 ## - Местоположение
Форматна сигнатура Цб 246063
856 4# - Електронен адрес и достъп
Електронен формат pdf - файл
856 4# - Електронен адрес и достъп
Електронен формат pdf - файл
999 ## - СИСТЕМНИ КОНТРОЛНИ НОМЕРА
Koha biblionumber 88107
Koha biblioitemnumber 88107
942 ## - АРТИКУЛИ
Вид на библиотечния материал Книги
Скрит в OPAC Не
Периодичен библиозапис Да
Koha issues (borrowed), all copies 11
944 ## - СЪЗДАВАНЕ И РЕДАКЦИЯ на ЗАПИСА
Създаване/Редакция Създаване
Дата на регистрацията/редакция 24.11.2009
Статус, дата на статуса Лиляна Коева
Служител, извършил регистрацията/редакцията 30532
944 ## - СЪЗДАВАНЕ И РЕДАКЦИЯ на ЗАПИСА
Създаване/Редакция Редакция
Дата на регистрацията/редакция 12.01.2017
Статус, дата на статуса ф /
Служител, извършил регистрацията/редакцията Людмила_Стоянова
999 ## - СИСТЕМНИ КОНТРОЛНИ НОМЕРА
Koha biblioitemnumber 88107
Наличности
Код за отписване Код за изгубен артикул Код за повреда Коз за рестрикции Код за отдаване Артикулен № Име на библиотеката - собственик Име на библиотеката, в която се намира в момента Статус (Текущо местоположение) Дата на вписване в системата Местоположение - отдел Цена в лева Инвентарен номер Систематично азбучна сигнатура Баркод Номер на екземпляра Цена в евро Служебна бележка Служебен тип на артикула Източник на класификационната схема
  Не е изгубен Не е повреден без рестрикции заемане за дома 142679 Регионална библиотека "Любен Каравелов" Русе Регионална библиотека "Любен Каравелов" Русе Детски отдел 2009-11-24 Детски отдел 5.99 120000739915 ДХ 820/899/Ш 22 120000739915 1 3.06 Дост: Pk Вид: Ф N: 22436 Дата: 17.11.2009 Дата инв: 31.08.2015 Бележки инв: Д2015 Книги  
  Не е изгубен Не е повреден без рестрикции ползва се в читалня 142680 Регионална библиотека "Любен Каравелов" Русе Регионална библиотека "Любен Каравелов" Русе Хранилище 2010-11-23 Хранилище 5.99 120000747583 Цб 246063 120000747583 2 3.06 Дост: Dp Вид: Д N: 14 Дата: 24.03.2010 Книги  
  Не е изгубен Не е повреден без рестрикции заемане за дома 142681 Регионална библиотека "Любен Каравелов" Русе Регионална библиотека "Любен Каравелов" Русе Детски отдел 2017-01-10 Детски отдел 5.99 120000807575 ДХ 820/899/Ш 22 120000807575 3 3.06 Дост: DA Вид: А N: 1 Дата: 10.01.2017 Книги  
  Не е изгубен Не е повреден без рестрикции заемане за дома 731353 Регионална библиотека "Любен Каравелов" Русе Регионална библиотека "Любен Каравелов" Русе Детски отдел 2019-07-31 Детски отдел 5.99   ДХ 820/899/ Ш22 120000835333   3.06   Книги Universal Decimal Classification
Vip Innovations Ltd, Rousse, Bulgaria 2025